[Event "Rubinstein Memorial 38th"]
[Site "Polanica Zdroj"]
[Date "2006.08.24"]
[Round "5"]
[White "Atalik, Suat"]
[Black "Socko, Bartosz"]
[Result "1/2-1/2"]
[WhiteElo "2619"]
[BlackElo "2621"]
[Annotator "Atalik,S"]
[PlyCount "85"]
[EventDate "2006.08.20"]
[EventType "tourn"]
[EventRounds "9"]
[EventCountry "POL"]
[EventCategory "13"]
[SourceTitle "CBM 113 Extra"]
[Source "ChessBase"]
[SourceDate "2006.09.14"]
[SourceVersion "1"]
[SourceVersionDate "2006.09.14"]
[SourceQuality "1"]

1. d4 Nf6 2. c4 g6 3. Nc3 Bg7 4. e4 d6 5. Nf3 O-O 6. Be2 e5 7. O-O Qe8 $5 {
A move which was introduced by the Belarus GM Kupreichik.} 8. dxe5 {To close
the center is not justified against black's strategy.} (8. d5 a5 (8... Nh5 9.
g3) 9. Ne1 Na6 10. Nd3 Nd7 $11) 8... dxe5 9. b4 Qe7 10. b5 c6 {This is a known
position.} 11. a4 $5 $146 {The idea is a4-a5-a6 but the move also weakens
white's queenside pawns.} (11. Qb3 Rd8 12. Ba3 Qe8 13. Rad1 $14 {seems to be
normal.}) 11... Rd8 12. Qc2 (12. Qb3 Nbd7 13. Ba3 Nc5 14. Qb4 Nfd7 15. bxc6
bxc6 16. Qa5 Bf8 17. Rfd1 Re8 18. Rab1 $11) 12... Bg4 13. Ba3 Qe8 $6 {This
aint't the best square for the black's queen.} (13... Qc7 $1 14. Rfd1 Rxd1+ 15.
Rxd1 Bxf3 16. Bxf3 Nbd7 17. Bd6 Qa5 18. c5 Bf8 19. Be2 Re8 20. Bxf8 Rxf8 21.
Rd6 $13) 14. a5 Bxf3 15. Bxf3 Bf8 16. Bb2 (16. a6 $6 bxa6 17. bxc6 Nxc6 18. Nd5
Nxd5 19. exd5 Nd4 20. Qe4 $13) 16... a6 17. bxc6 bxc6 $2 ({It is not so clear
if white has any advantage after} 17... Qxc6 18. Nd5 Nbd7 $14) 18. Na4 c5 {
In many games Socko runs into this structure.} (18... Nbd7 19. c5 $1 Rab8 20.
Ba3 $16) 19. Nb6 Ra7 20. Nd5 Qe6 21. Rab1 Nc6 22. Bc3 Nd7 23. h3 $1 $16 {
White has an undisputable advantage.} h5 24. Qd3 $5 {White is better but how
to convert the advantage.} (24. Qd2 Kh7 25. Qg5 Bh6 26. Qh4 f6 $1) 24... Nd4
25. Bd1 $1 {Now all white pieces are working.} Qc6 26. Rb2 $2 {Here I started
to lose the trend of the game.} (26. f4 $6 exf4 27. Rxf4 Rb7 28. Rxb7 Qxb7) (
26. Qg3 $1 {is very powerful.} Kh7 27. Qh4 Re8 28. f4 $1 exf4 29. Rxf4 $1 (29.
Qxf4 Bg7 30. Qxf7 Rf8 31. Qe7 Rxf1+ 32. Kxf1 Qe6 33. Qxe6 Nxe6 34. Ba4 Bxc3 35.
Bxd7 Rxd7 36. Nxc3 Rd4 $132) 29... Kg8 30. Rb6 $1 $16) (26. g4 $5 h4 (26...
hxg4 $2 27. hxg4 $16 ({or} 27. Bxg4 $40 {ends up in a vicious attack.})) 27. g5
Ne6 28. Bg4 Bd6) 26... Rb8 27. Rxb8 Nxb8 28. Nb6 (28. g4 hxg4 29. Bxg4 Rb7 30.
Rb1 $16) (28. f4 $6 exf4 29. e5 Nd7 30. Qe4 Qe6) 28... Qe6 29. Ba4 Rb7 30. Kh1
Nbc6 31. Bxc6 Qxc6 32. f4 $2 {Meek play by white.} (32. Nd5 Rb3 33. f4 exf4 34.
Rxf4 Qb7 35. e5 $36) ({I had to be consistent with} 32. Rb1 $1 Bd6 33. Nd5
Rxb1+ 34. Qxb1 Qa4 35. Kh2 $1 $40 {and still black has more weaknesses to
worry about.}) 32... exf4 33. Bxd4 cxd4 34. Qxd4 Bc5 35. Qd5 Qc7 36. e5 Bxb6
37. axb6 Rxb6 38. Rxf4 Re6 39. Rf6 $1 $11 {White has to force a draw before
things may start going ugly.It is very annoying that after having established
a great position I spoiled by some small mistakes here and there.} Rxe5 40.
Rxg6+ Kh7 41. Qd6 Qxd6 42. Rxd6 Rc5 43. Rxa6 {Another pathetic result.} 1/2-1/2

[Event "EU-Cup 22nd"]
[Site "Fuegen"]
[Date "2006.10.13"]
[Round "6.1"]
[White "Gelfand, Boris"]
[Black "Movsesian, Sergei"]
[Result "1-0"]
[WhiteElo "2733"]
[BlackElo "2637"]
[Annotator "Mikhalevski,V"]
[PlyCount "81"]
[EventDate "2006.10.08"]
[EventType "team-swiss"]
[EventRounds "7"]
[EventCountry "AUT"]
[SourceTitle "CBM 115"]
[Source "ChessBase"]
[SourceDate "2006.11.15"]
[SourceVersion "1"]
[SourceVersionDate "2006.11.15"]
[SourceQuality "1"]
[WhiteTeam "Cheboksary"]
[BlackTeam "Pardubice"]
[WhiteTeamCountry "RUS"]
[BlackTeamCountry "CZE"]

1. d4 Nf6 2. c4 g6 3. Nc3 Bg7 4. e4 d6 5. Nf3 O-O 6. Be2 e5 7. O-O Na6 8. Be3
Ng4 9. Bg5 Qe8 10. Re1 $5 {This relatively rare variation, which is in fact a
waiting move, scores extremely well. For instance this year White scored
almost the hundred percents of points giving away just one draw!} {Now Black
has to choose out of four continuations.} c6 {[%csl Gd5] The main purpose of
this move is to cover the d5-square.} ({Other three are:} 10... f6 {Avrukh,
B-Huang Qian, WchT 6th Beer-Sheva 2005/CBM110[Avrukh].}) (10... exd4 $5 {
According to Avrukh, Gelfand's teammate, this is the critical continuation.
See Popov-Nevostrujev,V, RUS-ch semi-final 2005/CBM109[Mueller,K]}) (10... h6 {
was also tested recently.} 11. Bh4 c6 12. Bf1 g5 $6 (12... exd4 $5 13. Nxd4
Nxh2 14. Kxh2 Qe5+ 15. Kg1 Qxd4 16. Be7 $14) 13. Bg3 Qe7 $2 14. h3 (14. c5 $1 {
[%cal Gf1a6]} dxc5 15. d5 $1 $16 {was extremely strong.}) 14... exd4 15. hxg4
dxc3 16. Bxd6 Qd8 17. Bxf8 Qxf8 18. e5 $14 {Timoscenko,G-Mrva,M/Banska
Stiavnica SVK 2006.}) 11. h3 {The most logical. White wants to make use of his
rook on e1 and thus provokes an exchange on d4.} ({White also tested} 11. d5 h6
12. Bc1 Qe7 13. g3 (13. h3 $5 Nf6 14. Be3) 13... c5 14. Nh4 Nf6 15. a3 Nh7 16.
Bg4 $14 {Kruppa,Y-Jianu,V/Bucharest ROM 2006.}) 11... f6 {[%cal Gg4h6,Gh6f7]
Preparing a manoeuvre of the knight from g4 to f7 via h6.} ({Once again Black
had a number of options to choose from.} 11... h6 12. Bc1 (12. Bh4 $5) 12...
Nf6 13. Bf1 Qe7 $6 (13... Nd7 $5 {was better.}) 14. c5 $1 {[%cal Gf1a6] This
typical idea works perfectly here.} dxc5 15. dxe5 Nd7 16. Bxa6 bxa6 17. Qd6 $14
{Timoscenko,G-Apicella,M/Rethymnon 2003.}) (11... Nf6 12. dxe5 (12. Bf1 $5)
12... dxe5 13. Be3 Qe7 14. c5 $2 (14. Qc2 $5 {[%cal Ga1d1]}) 14... Nxc5 $17 {
Tegshsuren,E-Paunovic,D/Dos Hermanas 2004.}) 12. Bc1 {It's not always easy to
choose the right square for this bishop. What's more important , a
well-protected d4-pawn or a developed bishop, which may support b4? I like
Gelfand's choice here, which looks more in harmony with the position.} ({
White also tried} 12. Bd2 Nh6 13. Bf1 Nc7 14. b4 g5 $6 (14... Nf7 $5) 15. c5 $1
dxc5 16. bxc5 g4 17. hxg4 Nxg4 18. d5 $1 $16 {Sundararajan,K-Shashikant,K/New
Delhi IND 2006.}) 12... Nh6 13. Bf1 {This is the position White wants to reach
on the first stage.} Nf7 14. Rb1 {[%cal Gb2b4,Gb4b5] Preparing b4.} Qe7 {
This turns out to be a novelty. Black aims to connect the rooks.} ({The only
preceding game featured} 14... f5 15. a3 $6 {A little bit slow.} ({White may
play} 15. b4 $5 {at once.}) 15... f4 $132 {Cifka,S-Tratar,M/Aschach 2003. with
mutual chances.} (15... Qe7 $5)) 15. b4 Nc7 {A funny position. Black knights
hide behind the f and c-pawns.} 16. b5 $1 $14 {[%cal Gb5c6] Gelfand creates an
object of attack on the queenside. Black suddenly finds himself in an
unpleasant position without useful moves.} Ng5 $6 {I don't like this move.
Despite Black tries to create counterplay on the kingside, he in fact takes
away from himelf the idea of f5, which will be essential after exchange on c6
and closing of the centre by means of d5 and c5.} ({I believe Black had to
choose between the modest} 16... Bd7 $5 17. bxc6 bxc6 18. d5 (18. Ba3 Ne6 19.
d5 Nc5 20. dxc6 Bxc6 21. Nd5 Qd7 $14) 18... c5 $14) ({and more critical} 16...
c5 17. dxc5 dxc5 18. Qc2 $14 (18. Nd5 Nxd5 19. cxd5 Nd6 20. Qc2 b6 {allows
Black to block the position.})) 17. Nxg5 fxg5 18. bxc6 bxc6 (18... exd4 $6 {
is dubious in view of} 19. Nd5 $1 Nxd5 20. cxd5 $1 ({Also} 20. exd5 Be5 21.
cxb7 Bxb7 22. Qxd4 $1 (22. Bb2 {allows} Qf6) 22... Bxd4 23. Rxe7 Rxf2 $1 24.
Be3 Rf7 25. Re6 Bxe3+ 26. Rxe3 $16 {and White's extra pawn on the queenside is
much more essential than Black's one on the kingside.}) 20... bxc6 21. dxc6 $16
{and now both the strong c6-pawn and the weak d4-pawn don't leave Black many
chances for escape, e.g.} Be6 22. Rb7 Qf6 23. Qc2 $16) 19. d5 $1 {Now Black's
dark-squared bishop is out of play.} c5 20. Be3 $1 h5 {[%cal Gg5g4] Black's
only hope to solve this problem is to play g4 and then Bh6.} 21. Be2 $1 $16 {
White's play is simple and strong.} ({After the immediate} 21. Bxc5 dxc5 22. d6
Qf6 23. dxc7 Qxf2+ 24. Kh1 Be6 25. Qd6 Rae8 {Black is still alive.}) 21... Rf4
$2 {A desperate attempt to get out of pressure. Unfortunately for Black
White's not forced to touch the rook.} (21... Qd8 $5 {Preventing Bxc5.}) ({and
} 21... Kh7 $5 {securing the king are the only useful moves one can find.}) 22.
Bxc5 $1 $18 {The decisive blow.} ({Definitely not} 22. Bxf4 $2 exf4 {which
would liven Black's "bad" bishop.}) 22... Bxh3 {Frankly speaking I see no idea
behind this sacrifice.} (22... dxc5 $2 {is bad in view of} 23. d6 Qf8 (23...
Qd8 24. dxc7 Qxd1 25. Rexd1 $18 {[%cal Gb1b8,Gd1d8] is more than hopeless.})
24. dxc7 Be6 25. Nd5 $1 {with the idea} Rxf2 $2 26. Rb8 $1 $18 {[%csl Rf2]}) (
22... g4 23. hxg4 hxg4 24. Be3 Rf7 25. Bxg4 $18 {is also hopeless.}) 23. Be3 $5
{White decides to avoid any possible risk.} ({Although the was nothing wrong
with accepting the sacrifice.} 23. gxh3 $1 Rh4 (23... dxc5 24. d6 Qf8 (24...
Qe6 25. dxc7) 25. dxc7 $18) 24. Be3 Rxh3 25. c5 $18) 23... Bd7 24. c5 $1 {
[%cal Gb1b7] Preparing to strengthen the pressure with Rb7. Black is
completely lost.} Raf8 25. Rb7 $1 Bc8 26. Rxa7 g4 27. Nb5 $1 {[%csl Rc7]} Rxf2
{Why not? Anyway the position is completely lost.} 28. Bxf2 Rxf2 29. g3 $1 {
[%csl Gh4][%cal Gg1f2] The most precise.} (29. Kxf2 {gives Black minimal
practical chances after} Qh4+ 30. Ke3 Bh6+ 31. Kd3 Nxb5 32. Ra8 Qg3+ 33. Kc4
Nc3 34. Rxc8+ Kh7 35. Rc7+ Kg8 36. Qa1 Nxe4 {although his position is still
lost.}) 29... Qf6 30. Rxc7 h4 31. Rxc8+ Kh7 32. Rf1 $1 hxg3 33. Qe1 $1 Qh4 34.
Rxf2 g2 35. Kxg2 (35. Rh8+ $1 {wins the queen, but also the move in text is
also more than enough for a win.} Bxh8 (35... Kxh8 36. Rf8+ $18 {[%csl Rh4]})
36. Rf7+ $18 {[%csl Rh4]}) 35... Qh3+ 36. Kg1 Qg3+ 37. Kf1 (37. Kh1 $5 $18)
37... Qh3+ 38. Rg2 Qh1+ 39. Kf2 Qh4+ 40. Rg3 Qh2+ 41. Ke3 {and finally Black
does what he could do long ago. A clear positional win of Gelfand and a
headache for Black in the line with 10.Re1. At least it's clear that
Movsesian's plan is unsound.} 1-0

[Event "Baku FIDE GP"]
[Site "Baku"]
[Date "2008.04.28"]
[Round "7"]
[White "Navara, David"]
[Black "Svidler, Peter"]
[Result "1/2-1/2"]
[WhiteElo "2672"]
[BlackElo "2746"]
[Annotator "Krasenkow,M"]
[PlyCount "77"]
[EventDate "2008.04.21"]
[EventType "tourn"]
[EventRounds "13"]
[EventCountry "AZE"]
[EventCategory "19"]
[SourceTitle "CBM 124"]
[Source "ChessBase"]
[SourceDate "2008.05.28"]
[SourceVersion "1"]
[SourceVersionDate "2008.05.28"]
[SourceQuality "1"]

1. d4 Nf6 2. c4 g6 3. Nc3 Bg7 4. e4 d6 5. Nf3 O-O 6. Be2 e5 7. O-O Na6 8. Be3
Ng4 9. Bg5 f6 10. Bc1 c6 11. h3 Nh6 12. c5 $1 {A typical blow, for unknown
reasons quite rare in this particular position - despite the fact that Black
has not found a way to equalize so far.} (12. Be3 {is the main line.}) 12...
exd4 (12... Nf7 13. cxd6 b5 14. dxe5 fxe5 15. a4 b4 16. d7 Bb7 17. Nb1 Nc5 18.
a5 a6 19. Be3 Nxd7 20. Bc4 $16 {1-0 Arsovic,Z-Markovic,M/Nis 1995/EXT 2000 (59)
}) (12... dxc5 13. dxe5 $16) 13. Bxa6 dxc5 $146 {This piece sacrifice is
Black's only chance; otherwise he is clearly worse:} (13... dxc3 14. Bc4+ d5 (
14... Kh8 15. cxd6 Re8 (15... cxb2 16. Bxb2 Nf7 17. Bxf7 Rxf7 18. e5 $16 {
M.Gurevich}) 16. Re1 $6 (16. Qd3 Be6 17. Rd1 $16) 16... Be6 17. Bxe6 Rxe6 18.
e5 Nf7 19. Qb3 Qd7 20. bxc3 Nxe5 21. Nxe5 fxe5 22. Ba3 b6 23. Qa4 Rd8 24. Rad1
c5 $17 {0-1 Glicenstein,A-Kozakov,M/Rosny sous Bois 2004/EXT 2005 (36)}) (14...
Nf7 15. cxd6 Kh8 16. Bxf7 Rxf7 17. bxc3 $16 {1-0 Noori,A-Moradi,E/IRI 2000/EXT
2003 (56)}) 15. exd5 cxd5 16. Qxd5+ Kh8 17. bxc3 Qc7 $5 18. Nd4 a6 19. Re1 Nf7
$5 {[%cal Yf7e5,Yf8d8]} 20. Nf3 $1 Bf5 21. Qd4 $1 Rad8 22. Bd5 Ne5 23. Bf4 Qd7
24. Rad1 $16 {1-0 Gurevich,M-Hansen,C/Groningen 1992/CBM 034/[Gurevich,M] (62)}
) (13... bxa6 14. Qxd4 (14. Nxd4 dxc5 15. Nxc6 $14 {M.Gurevich}) 14... Nf7 15.
cxd6 (15. Rd1 $5) 15... Qxd6 16. Qxd6 Nxd6 17. Bf4 Nb7 (17... Nc4 18. b3 f5 19.
e5 Nb6 20. Rad1 Bb7 21. Nd2 g5 22. Bxg5 Bxe5 23. Ne2 a5 24. Nf3 Rae8 25. Nxe5
Rxe5 26. Nf4 $16 {1-0 Nill,J-Jelica,M/Gothenburg 2005/CBM 107 ext (72)}) 18.
Rad1 Be6 19. Rfe1 Rac8 20. e5 f5 21. Nd4 Kf7 22. Nxe6 Kxe6 23. Ne2 c5 24. Bg5
f4 25. Nxf4+ Kf5 26. g4+ Kxg5 27. Ne6+ Kh4 28. Nxf8 Bxf8 29. Rd7 Nd8 30. Rxh7+
Kg5 31. Re4 Ne6 {1-0 Sargissian,G-Dancevski,O/Ohrid 2001/CBM 084}) 14. Na4 {
Going for a positional advantage rather than material.} (14. Bc4+ Kh8 15. Ne2
b5 16. Bd3 c4 17. Bb1 (17. Bxc4 bxc4 18. Nexd4 Re8 $132) 17... d3 $44) 14...
Qe7 15. Qc2 bxa6 (15... b6 $6 16. Bd3 {and Black has not sufficient
compensation for the piece.}) 16. Bxh6 Bxh6 17. Nxc5 $14 {[%csl Gc5]} Rd8 18.
Rad1 (18. Rfd1 $142 Bf8 19. Rac1 $14) 18... Bf8 19. b4 d3 $1 20. Nxd3 (20. Rxd3
Rxd3 21. Nxd3 a5 $1) 20... a5 $1 {Black plays energetically to lift the
blockade.} 21. bxa5 Qxe4 22. Rfe1 Qf5 23. Qxc6 Bd7 {White is a pawn up but
Black's bishop pair gives him some compensation.} 24. Qc4+ Kh8 25. Nd4 $6 {
After this move Black has no problems.} (25. Nf4 $142 $1 Bb5 (25... Qxa5 $2 26.
Qf7) (25... Rac8 26. Qd4 $16) 26. Qb3 Rxd1 27. Rxd1 Rc8 28. g3 $1 $14 (28. Nd4
$143 Qxf4 29. Nxb5 a6 30. Nd4 Rc1 31. g3 Rxd1+ 32. Qxd1 Qe5 $44)) 25... Qxa5
26. Ne6 (26. Qf7 Bxh3 $1 $11) 26... Bxe6 27. Qxe6 Rd6 28. Qe2 Rad8 29. Nf4 Rxd1
30. Rxd1 Rxd1+ 31. Qxd1 Qxa2 {Black is even a pawn up now but White creates
counterplay, which eventually saves the game.} 32. Qd8 Kg7 (32... Qf7 33. Ne6
Kg8 34. Qc8) 33. Qd7+ Qf7 34. Ne6+ Kg8 35. Qc8 a5 36. g4 a4 {What else?} 37.
Nxf8 Qxf8 38. Qc4+ Qf7 39. Qxa4 1/2-1/2

[Event "Foros Aerosvit 3rd"]
[Site "Foros"]
[Date "2008.06.10"]
[Round "3"]
[White "Jakovenko, Dmitrij"]
[Black "Volokitin, Andrei"]
[Result "1-0"]
[WhiteElo "2711"]
[BlackElo "2684"]
[Annotator "Ftacnik,L"]
[PlyCount "103"]
[EventDate "2008.06.08"]
[EventType "tourn"]
[EventRounds "11"]
[EventCountry "UKR"]
[EventCategory "19"]
[SourceTitle "CBM 125"]
[Source "ChessBase"]
[SourceDate "2008.07.30"]
[SourceVersion "1"]
[SourceVersionDate "2008.07.30"]
[SourceQuality "1"]

1. d4 Nf6 2. c4 g6 3. Nc3 Bg7 4. e4 d6 5. Nf3 O-O 6. Be2 e5 7. O-O exd4 8. Nxd4
Re8 9. f3 Nc6 10. Be3 Nh5 11. Qd2 {This modest move preparing to call up the
last reserve from the square a1 represents currently the main line. The modern
method with 10...Nh5 is trying to undermine the white centre even at the cost
of few tempi.} (11. f4 Nf6 12. Bf3 $13) 11... Nxd4 12. Bxd4 Nf4 13. Rfd1 Bxd4+
14. Qxd4 Nxe2+ 15. Nxe2 b6 {The discovery of recent years; Black is building a
very solid position in the centre and will try to generate enough counterplay.}
16. Nc3 Bb7 17. Nd5 (17. Rac1 Qg5 18. Qd2 (18. b3 a5 19. Qd2 Qxd2 20. Rxd2 f5
21. exf5 gxf5 22. Kf2 Re7 23. Re2 Rae8 24. Rce1 Re5 {1/2 Nielsen,P (2628)-Glek,
I (2571)/playchess.com INT 2004 (41)}) 18... Qh5 19. b4 Re7 20. Ne2 Qe5 21. c5
dxc5 22. bxc5 bxc5 23. Qe3 Qe6 24. Nf4 Qa6 25. Rxc5 Qxa2 26. Qc3 $18 {0-1
Malakhatko,V (2600)-Jones,G (2562)/Canberra 2008 (108)}) 17... Bxd5 18. cxd5
Qg5 19. Rac1 Re7 20. Qd2 (20. Rc3 f5 21. exf5 Qxf5 22. h3 Rf8 23. b4 Qg5 24.
Qg4 Qe5 25. Rc4 Qe3+ 26. Kh2 Qe2 {1/2 Topalov,V (2780)-Mamedyarov,S (2760)/
Nice 2008 (31)}) 20... Qh5 {Volokitin has no interest in exchanging queens,
since his backward c7-pawn would become an ideal target for the white rooks.} (
20... Qh4 21. Qf2 Qh5 22. Rc4 f5 23. exf5 Qxf5 24. Qc2 Qf7 25. Re4 {1/2
Vitiugov,N (2573)-Khairullin,I (2533)/Cheboksary 2006}) (20... Qe5 21. Rc4 Rd8
22. Qc3 Qxc3 23. Rxc3 a5 24. Rdc1 Rdd7 25. Kf2 $14 {1/2 Ivanov,S (2534)
-Kalegin,E (2458)/Moscow 2006 (44)}) (20... Qxd2 $6 21. Rxd2 $14) 21. g4 (21.
Rc4 f5 22. e5 Rxe5 23. Rxc7 Qh4 $14) 21... Qh4 22. Qf2 Qg5 23. Qd2 Qh4 24. Kh1
$1 {Jakovenko has decided to try realizing his modest advantage.} Rf8 (24... f5
$2 25. gxf5 gxf5 26. exf5 Qf6 27. Re1 $16) 25. Rg1 h5 (25... f6 26. Rc6 Qg5 27.
Qc1 $14) 26. Rc3 {The other attempts by White to get more from this position
have shown little hope of success.} (26. g5 f5 27. gxf6 Qxf6 28. Rc3 Kh7 $11) (
26. Qh6 Qf6 27. gxh5 Qxf3+ 28. Rg2 Qxe4 29. Rf1 Rfe8 30. hxg6 fxg6 31. Qxg6+
Qxg6 32. Rxg6+ Rg7 $11) 26... hxg4 27. Rxg4 Qh3 (27... Qh5 28. Kg1 $14) 28. Rg3
Qf1+ 29. Rg1 Qh3 30. Rg3 Qf1+ 31. Rg1 Qh3 32. Qg5 {White is thus avoiding the
threefold repetition with the immediate draw.} Rfe8 (32... Re5 33. Qg2 Qxg2+
34. Rxg2 Rc8 35. Rgc2 Re7 36. Rc6 Rd7 37. Kg2 $14) 33. f4 Qh8 $1 34. f5 (34. e5
dxe5 35. f5 e4 36. fxg6 f6 $11) 34... Qd4 35. Re3 (35. fxg6 Qxe4+ 36. Rg2 f5 $1
$15) 35... Rxe4 $2 {[%mdl 64] In the impending time trouble the defender could
not find enough energy to calculate the equalising continuation with the
pinning of the f-pawn.} (35... Re5 36. Qh6 Rxf5 37. Rxg6+ fxg6 38. Qxg6+ Kf8
39. Qxf5+ Ke7 $11) 36. fxg6 $1 f5 (36... Rxe3 37. gxf7+ Kxf7 38. Rf1+ $18) 37.
Qxf5 $1 R4e7 (37... Rxe3 38. Qf7+ Kh8 39. Qh7#) 38. Rf3 $6 {The clock can
become an enemy for both human players. The exact and consequent doubling of
the rooks on the e-file would have decided the game within a few moves.} (38.
Rge1 $1 Rf8 39. Qh5 Rg7 40. Rf3 Rxf3 41. Qxf3 Qa4 42. Qf6 $18) 38... Qe4 $1 39.
Qxe4 {Curious secrets are being revealed by computers trying to solve similar
situations. The very desirable advance 39.h4!? is not winning due to the
fascinating sacrifice of black queen on move 41.} (39. Qf7+ Rxf7 40. gxf7+ Kh7
41. fxe8=Q Qxf3+ 42. Rg2 Qd1+ $11) (39. h4 $5 Qxh4+ 40. Rh3 Qd4 (40... Qe4+ 41.
Qxe4 Rxe4 42. g7 $18) 41. g7 Qxg1+ $1 42. Kxg1 Re1+ 43. Kg2 R8e2+ 44. Kg3 Re3+
45. Kh4 Re4+ 46. Kg5 Re5 47. Rh8+ Kxg7 48. Rh7+ Kg8 49. Rxc7 Rxf5+ 50. Kxf5
Re5+ 51. Kg6 Kf8 $14) 39... Rxe4 40. Rf7 R8e7 41. Rgf1 Rxf7 42. Rxf7 Re2 {
The tempest is over and the rook endgame turnas out to be hopeless for Black.
Jakovenko's main task is to activate the white king.} (42... Rc4 43. b3 Rc5 44.
h4 Rxd5 45. Kg2 c5 46. Kg3 $18) (42... Rg4 43. Rxc7 Rxg6 44. Rxa7 Rg5 45. Rb7
Rxd5 46. Rxb6) 43. h4 Rxb2 44. h5 Rb4 45. Kg2 $1 Rh4 46. Rh7 Rd4 47. Kg3 Rxd5
48. Kg4 Ra5 49. Rxc7 Rxa2 50. Kg5 {Black could already have resigned without
any remorse.} Ra5+ (50... Kf8 51. Kh6 Rg2 52. Rxa7 $18) 51. Kf6 Rc5 52. Rxc5 (
52. Rxc5 dxc5 53. h6 $18) 1-0